[Event "Int SVK-ch Open 2020"]
[Site "Drienica"]
[Date "2020.08.12"]
[Round "6.18"]
[White "Kulich, Daniel"]
[Black "Soldan, Jan"]
[Result "1/2-1/2"]
[WhiteElo "1492"]
[BlackElo "1783"]
[Annotator "NA"]
[PlyCount "68"]
[EventDate "2020.08.07"]
[EventType "swiss"]
[EventCountry "SVK"]
[SourceTitle "playchess.com"]
[Source "ChessBase"]
[SourceQuality "1"]
[TimeControl "40/5400+30:1800+30"]

1. d4 {[%emt 0:00:00]} Nf6 {[%emt 0:00:00]} 2. Bf4 {[%emt 0:00:00]} g6 3. Nc3 a6 {[%emt 0:04:03]} 4. e4 {[%emt 0:01:20]} d6 {[%emt 0:01:02]} 5. Qd2 {[%emt 0:00:34]} Bg7 {[%emt 0:00:09]} 6. Bh6 {[%emt 0:00:25]} O-O {[%emt 0:00:31]} 7. Bxg7 {[%emt 0:00:22]} Kxg7 {[%emt 0:00:08]} 8. f3 {[%emt 0:00:55]} Nbd7 {[%emt 0:02:57]} 9. g4 {[%emt 0:00:13]} e5 {[%emt 0:01:00]} 10. d5 {[%emt 0:00:45]} b5 {[%emt 0:02:16]} 11. O-O-O {[%emt 0:02:56]} Nb6 {[%emt 0:02:21]} 12. h4 {[%emt 0:01:24]} h5 {[%emt 0:00:13]} 13. gxh5 {[%emt 0:04:51]} Nxh5 {[%emt 0:00:37]} 14. Qe1 {[%emt 0:00:47]} Bd7 {[%emt 0:02:25]} 15. Nce2 {[%emt 0:01:42]} Rh8 {[%emt 0:00:40]} 16. Bh3 {[%emt 0:00:48]} Nc4 {[%emt 0:01:19]} 17. Bxd7 {[%emt 0:00:58]} Qxd7 {[%emt 0:00:10]} 18. Ng3 {[%emt 0:00:34]} a5 {[%emt 0:01:16]} 19. N1e2 {[%emt 0:02:29]} b4 {[%emt 0:05:38]} 20. Nxh5+ {[%emt 0:00:58]} Rxh5 {[%emt 0:00:10]} 21. Ng3 {[%emt 0:00:12]} Rh7 {[%emt 0:02:54]} 22. h5 {[%emt 0:00:46]} Rah8 {[%emt 0:00:18]} 23. Qe2 {[%emt 0:00:10]} Nb6 {[%emt 0:01:10]} 24. Rdg1 {[%emt 0:01:03]} Kf8 {[%emt 0:01:21]} 25. hxg6 {[%emt 0:00:33]} fxg6 {[%emt 0:00:16]} 26. Qf1 {[%emt 0:06:16]} Qf7 {[%emt 0:05:54]} 27. Ne2 {[%emt 0:02:50]} Rxh1 {[%emt 0:11:05]} 28. Rxh1 {[%emt 0:00:13]} Rxh1 {[%emt 0:00:12]} 29. Qxh1 {[%emt 0:00:07]} Kg7 {[%emt 0:00:07]} 30. Qg2 {[%emt 0:01:27]} Qf8 {[%emt 0:07:26]} 31. Qh3 {[%emt 0:05:55]} a4 {[%emt 0:02:54]} 32. b3 {[%emt 0:01:40]} a3 {[%emt 0:06:03]} 33. Kd2 {[%emt 0:01:50]} Qf6 {[%emt 0:00:35]} 34. Qg4 {[%emt 0:00:52]} Qf7 {[%emt 0:11:27]} 1/2-1/2

[Event "Int SVK-ch Open 2020"]
[Site "Drienica"]
[Date "2020.08.13"]
[Round "6.19"]
[White "Belis, Rudolf"]
[Black "Sevcikova, Lucia"]
[Result "1-0"]
[WhiteElo "1924"]
[BlackElo "2017"]
[Annotator "ChessBase"]
[PlyCount "63"]
[EventDate "2020.08.07"]
[EventType "swiss"]
[EventCountry "SVK"]
[TimeControl "40/5400+30:1800+30"]

1. d4 {[%emt 0:00:48]} e6 {[%emt 0:00:00]} 2. c4 {[%emt 0:00:05]} d5 {[%emt 0:00:04]} 3. Nf3 {[%emt 0:00:12]} Nf6 {[%emt 0:00:38]} 4. Nc3 {[%emt 0:00:04]} Be7 {[%emt 0:01:11]} 5. Bf4 {[%emt 0:00:07]} c6 {[%emt 0:00:54]} 6. e3 {[%emt 0:00:09]} Nbd7 {[%emt 0:01:14]} 7. Qc2 {[%emt 0:00:09]} O-O {[%emt 0:01:28]} 8. g4 {[%emt 0:00:21]} dxc4 {[%emt 0:17:58]} 9. Bxc4 {[%emt 0:05:33]} Nd5 {[%emt 0:06:37]} 10. Bg3 {[%emt 0:01:14]} N7b6 {[%emt 0:00:30]} 11. Bd3 {[%emt 0:00:30]} g6 {[%emt 0:00:30]} 12. a3 {[%emt 0:00:30]} Nxc3 {[%emt 0:00:30]} 13. Qxc3 {[%emt 0:00:30]} Nd5 {[%emt 0:00:30]} 14. Qc2 {[%emt 0:00:30]} Qa5+ {[%emt 0:00:30]} 15. Ke2 {[%emt 0:00:30]} Bd7 {[%emt 0:00:30]} 16. Ne5 {[%emt 0:01:59]} Rad8 {[%emt 0:01:33]} 17. h4 {[%emt 0:02:15]} c5 {[%emt 0:10:19]} 18. dxc5 {[%emt 0:13:45]} Qxc5 {[%emt 0:00:30]} 19. Qxc5 {[%emt 0:00:30]} Bxc5 {[%emt 0:00:30]} 20. g5 {[%emt 0:00:01]} Ba4 {[%emt 0:01:58]} 21. h5 {[%emt 0:02:35]} Bd6 {[%emt 0:03:45]} 22. Rh4 {[%emt 0:00:12]} Bxe5 {[%emt 0:04:59]} 23. Bxe5 {[%emt 0:00:30]} Bc6 {[%emt 0:00:32]} 24. Rah1 {[%emt 0:02:01]} Rd7 {[%emt 0:01:52]} 25. R1h3 {[%emt 0:03:48]} a6 {[%emt 0:04:37]} 26. hxg6 {[%emt 0:01:14]} fxg6 {[%emt 0:00:25]} 27. Bxg6 {[%emt 0:00:14]} hxg6 {[%emt 0:00:55]} 28. Rh8+ {[%emt 0:00:02]} Kf7 {[%emt 0:00:15]} 29. Rf3+ {[%emt 0:00:04]} Ke7 {[%emt 0:00:44]} 30. Rhxf8 {[%emt 0:00:15]} Nc3+ {[%emt 0:01:05]} 31. bxc3 {[%emt 0:00:11]} Bxf3+ {[%emt 0:00:04]} 32. Rxf3 {[%emt 0:00:02]} 1-0

[Event "Int SVK-ch Open 2020"]
[Site "Drienica"]
[Date "2020.08.12"]
[Round "6.19"]
[White "Ivanecka, Natalia"]
[Black "Kubikova, Nina"]
[Result "1-0"]
[WhiteElo "1641"]
[BlackElo "1256"]
[Annotator "NA"]
[PlyCount "40"]
[EventDate "2020.08.07"]
[EventType "swiss"]
[EventCountry "SVK"]
[SourceTitle "playchess.com"]
[Source "ChessBase"]
[SourceQuality "1"]
[TimeControl "40/5400+30:1800+30"]

1. e4 {[%emt 0:00:00]} e5 {[%emt 0:00:00]} 2. Nf3 {[%emt 0:00:00]} Nc6 {[%emt 0:00:00]} 3. Bc4 {[%emt 0:00:00]} Nf6 {[%emt 0:00:00]} 4. d3 {[%emt 0:00:38]} Be7 {[%emt 0:00:13]} 5. O-O {[%emt 0:00:34]} O-O {[%emt 0:00:19]} 6. Re1 {[%emt 0:01:44]} d6 {[%emt 0:01:17]} 7. h3 {[%emt 0:02:49]} Be6 {[%emt 0:06:56]} 8. Nbd2 {[%emt 0:02:38]} h6 {[%emt 0:00:27]} 9. c3 {[%emt 0:02:16]} d5 {[%emt 0:15:31]} 10. exd5 {[%emt 0:01:40]} Nxd5 {[%emt 0:00:08]} 11. Nxe5 {[%emt 0:06:11]} Nxe5 {[%emt 0:00:13]} 12. Rxe5 {[%emt 0:00:06]} Bd6 {[%emt 0:00:49]} 13. Re1 {[%emt 0:02:29]} Qd7 {[%emt 0:02:42]} 14. Qf3 {[%emt 0:03:31]} Rae8 {[%emt 0:05:47]} 15. Ne4 {[%emt 0:04:16]} f5 {[%emt 0:05:30]} 16. Nxd6 {[%emt 0:05:40]} Qxd6 {[%emt 0:00:11]} 17. Rxe6 {[%emt 0:01:28]} Rxe6 {[%emt 0:01:23]} 18. Bxd5 {[%emt 0:00:06]} Rff6 {[%emt 0:02:35]} 19. Bxe6+ {[%emt 0:00:29]} Rxe6 {[%emt 0:00:20]} 20. Bf4 {[%emt 0:00:11]} Qd8 1-0

[Event "Int SVK-ch Open 2020"]
[Site "Drienica"]
[Date "2020.08.13"]
[Round "6.20"]
[White "Geffert, Anton"]
[Black "Panko Eduard ml."]
[Result "0-1"]
[WhiteElo "1909"]
[BlackElo "2007"]
[Annotator "ChessBase"]
[PlyCount "68"]
[EventDate "2020.08.07"]
[EventType "swiss"]
[EventCountry "SVK"]
[TimeControl "40/5400+30:1800+30"]

1. d4 {[%emt 0:00:00]} e6 {[%emt 0:00:00]} 2. c4 {[%emt 0:00:06]} f5 {[%emt 0:00:00]} 3. g3 {[%emt 0:00:42]} Nf6 {[%emt 0:00:57]} 4. Bg2 {[%emt 0:00:11]} d5 {[%emt 0:00:38]} 5. b3 {[%emt 0:02:57]} c6 {[%emt 0:01:02]} 6. Nf3 {[%emt 0:00:28]} Bd6 {[%emt 0:00:39]} 7. O-O {[%emt 0:00:21]} Qe7 {[%emt 0:01:06]} 8. Qc2 {[%emt 0:05:29]} O-O {[%emt 0:00:34]} 9. Bb2 {[%emt 0:07:37]} Bd7 {[%emt 0:02:26]} 10. Nbd2 {[%emt 0:03:31]} Be8 {[%emt 0:02:47]} 11. Ne5 {[%emt 0:06:43]} Bh5 {[%emt 0:02:01]} 12. Ndf3 {[%emt 0:02:09]} Ne4 {[%emt 0:00:47]} 13. Rac1 {[%emt 0:03:33]} Nd7 {[%emt 0:06:55]} 14. Nxd7 {[%emt 0:05:10]} Qxd7 {[%emt 0:00:04]} 15. Ne5 {[%emt 0:02:46]} Qc7 {[%emt 0:02:12]} 16. f3 {[%emt 0:04:04]} Nf6 {[%emt 0:02:57]} 17. c5 {[%emt 0:00:19]} Be7 {[%emt 0:00:51]} 18. b4 {[%emt 0:01:28]} Nd7 {[%emt 0:01:23]} 19. a4 {[%emt 0:04:18]} Nxe5 {[%emt 0:05:54]} 20. dxe5 {[%emt 0:00:08]} f4 {[%emt 0:01:40]} 21. g4 {[%emt 0:00:22]} Bg6 {[%emt 0:00:42]} 22. Qb3 {[%emt 0:00:33]} Bg5 {[%emt 0:02:07]} 23. Bd4 {[%emt 0:01:34]} h5 {[%emt 0:07:27]} 24. h3 {[%emt 0:00:20]} hxg4 {[%emt 0:00:44]} 25. hxg4 {[%emt 0:00:02]} Qe7 {[%emt 0:05:33]} 26. Bf2 {[%emt 0:05:44]} Kf7 {[%emt 0:02:29]} 27. Qc3 {[%emt 0:14:22]} Rh8 {[%emt 0:00:16]} 28. b5 {[%emt 0:05:13]} Rh7 {[%emt 0:27:11]} 29. a5 {[%emt 0:03:17]} Bh4 {[%emt 0:07:25]} 30. Qe1 {[%emt 0:01:45]} Bxf2+ {[%emt 0:01:55]} 31. Qxf2 {[%emt 0:00:39]} Rah8 {[%emt 0:00:34]} 32. a6 {[%emt 0:00:48]} Qg5 {[%emt 0:01:51]} 33. axb7 {[%emt 0:00:36]} Qh6 {[%emt 0:00:19]} 34. Qd4 {[%emt 0:00:59]} Qh2+ {[%emt 0:00:21]} 0-1

[Event "Int SVK-ch Open 2020"]
[Site "Drienica"]
[Date "2020.08.12"]
[Round "6.20"]
[White "Kulich, Filip"]
[Black "Kucik, Patrik"]
[Result "1-0"]
[WhiteElo "1397"]
[BlackElo "1572"]
[Annotator "NA RC"]
[PlyCount "105"]
[EventDate "2020.08.07"]
[EventType "swiss"]
[EventCountry "SVK"]
[SourceTitle "playchess.com"]
[Source "ChessBase"]
[SourceQuality "1"]
[TimeControl "40/5400+30:1800+30"]

1. e4 {[%emt 0:00:00]} e5 {[%emt 0:00:36]} 2. Nf3 {[%emt 0:00:00]} Nc6 {[%emt 0:00:19]} 3. Bc4 {[%emt 0:00:00]} d6 {[%emt 0:00:42]} 4. c3 {[%emt 0:00:41]} Be7 {[%emt 0:01:50]} 5. d3 {[%emt 0:02:22]} Nf6 {[%emt 0:06:52]} 6. O-O {[%emt 0:00:49]} Bg4 {[%emt 0:00:29]} 7. Nbd2 {[%emt 0:04:46]} O-O {[%emt 0:04:01]} 8. b4 {[%emt 0:04:44]} a6 {[%emt 0:03:07]} 9. a4 {[%emt 0:01:09]} d5 {[%emt 0:07:42]} 10. exd5 {[%emt 0:08:10]} Nxd5 {[%emt 0:01:03]} 11. Bb2 {[%emt 0:00:37]} Nf4 {[%emt 0:01:35]} 12. Qc2 {[%emt 0:09:33]} Bd6 {[%emt 0:03:40]} 13. b5 {[%emt 0:08:44]} axb5 {[%emt 0:02:55]} 14. axb5 {[%emt 0:02:23]} Na5 {[%emt 0:03:14]} 15. Ra4 {[%emt 0:12:15]} Nxc4 {[%emt 0:02:29]} 16. Rxc4 {[%emt 0:02:41]} Qf6 {[%emt 0:06:45]} 17. g3 {[%emt 0:07:28]} Bh3 {[%emt 0:16:05]} 18. Re1 {[%emt 0:08:50]} Qg6 {[%emt 0:05:13]} 19. Rce4 {[%emt 0:05:55]} f5 {[%emt 0:05:57]} 20. Nxe5 {[%emt 0:03:27]} Bxe5 {[%emt 0:05:11]} 21. Rxe5 {[%emt 0:00:52]} Bg4 22. c4 {[%emt 0:04:17]} Ra2 {[%emt 0:04:22]} 23. Re7 {[%emt 0:02:55]} Rxb2 {[%emt 0:06:10]} 24. Qxb2 {[%emt 0:00:15]} Nxd3 {[%emt 0:00:21]} 25. Qb3 {[%emt 0:01:36]} Nxe1 {[%emt 0:00:25]} 26. c5+ {[%emt 0:00:19]} Kh8 {[%emt 0:00:23]} 27. Rxe1 {[%emt 0:00:17]} f4 {[%emt 0:00:37]} 28. f3 {[%emt 0:02:48]} Bh3 {[%emt 0:01:02]} 29. Kf2 {[%emt 0:01:02]} fxg3+ {[%emt 0:01:09]} 30. hxg3 {[%emt 0:00:09]} Rd8 {[%emt 0:00:50]} 31. Qe3 {[%emt 0:00:10]} h6 {[%emt 0:01:22]} 32. Rh1 {[%emt 0:01:28]} Bf5 {[%emt 0:00:40]} 33. Nc4 {[%emt 0:00:34]} Re8 {[%emt 0:00:44]} 34. Qd4 {[%emt 0:01:26]} Bd3 {[%emt 0:00:45]} 35. Ne5 {[%emt 0:01:06]} Qf5 {[%emt 0:01:08]} 36. Nxd3 {[%emt 0:00:30]} Qg5 {[%emt 0:00:31]} 37. Qf4 {[%emt 0:00:13]} Qd5 {[%emt 0:00:31]} 38. Rd1 {[%emt 0:01:15]} Qe6 {[%emt 0:00:33]} 39. Qd2 {[%emt 0:00:22]} Qh3 {[%emt 0:00:28]} 40. Nf4 {[%emt 0:00:00]} Qh2+ {[%emt 0:00:00]} 41. Ng2 {[%emt 0:00:39]} Qh5 {[%emt 0:00:56]} 42. Qd5 {[%emt 0:01:28]} Qg6 {[%emt 0:05:01]} 43. Nf4 {[%emt 0:01:02]} Qc2+ {[%emt 0:00:31]} 44. Rd2 {[%emt 0:00:22]} Qc1 {[%emt 0:00:31]} 45. Re2 {[%emt 0:02:17]} Ra8 {[%emt 0:01:58]} 46. Ng6+ {[%emt 0:02:53]} Kh7 {[%emt 0:05:27]} 47. Qf5 {[%emt 0:01:28]} Qh1 {[%emt 0:00:52]} 48. Nf4+ {[%emt 0:09:05]} Kg8 {[%emt 0:01:06]} 49. Qe6+ {[%emt 0:00:43]} Kh8 {[%emt 0:01:19]} 50. Qf7 {[%emt 0:02:20]} Qh2+ {[%emt 0:00:33]} 51. Ng2 {[%emt 0:00:15]} Ra1 {[%emt 0:02:12]} 52. Re8+ {[%emt 0:01:12]} Kh7 {[%emt 0:01:11]} 53. Qf5+ {[%emt 0:00:05]} 1-0

[Event "Int SVK-ch Open 2020"]
[Site "Drienica"]
[Date "2020.08.13"]
[Round "6.21"]
[White "Tomanek, Rafael"]
[Black "Hudak, Vasil"]
[Result "0-1"]
[WhiteElo "1835"]
[BlackElo "1997"]
[Annotator "TA"]
[PlyCount "158"]
[EventDate "2020.08.07"]
[EventType "swiss"]
[EventCountry "SVK"]

{[%evp 17,158,25,76,16,66,72,78,79,72,71,68,30,33,38,88,81,94,99,100,95,104,58,52,61,46,15,44,44,58,56,79,53,95,68,53,39,43,17,57,23,50,0,0,0,0,0,0,0,0,-2,0,-12,0,0,9,0,6,0,0,0,0,0,0,-1,9,0,14,0,0,0,0,0,0,0,0,-60,0,-16,-24,-38,-34,-14,-12,-196,-201,-278,-270,-252,0,0,0,0,0,0,0,0,0,-77,0,0,0,0,0,0,0,0,159,145,66,25,25,8,174,0,0,-156,-178,-985,-957,-929,-870,-29980,-29966,-29981,-29982,-29982,-29983,-29957,-219,-783,-732,-29990,-29991,-29991,-1162,-29987,-29988,-29986,-29983,-29994,-29990,-29989,-29990]} 1. d4 Nf6 2. Nf3 g6 3. c4 c5 4. d5 Bg7 5. Nc3 O-O 6. e4 d6 7. Bd3 e6 8. O-O exd5 9. exd5 a6 (9... Bg4 $11 {remains equal.}) 10. a4 {E90: King's Indian: Classical: Early deviations and 6 h3.} (10. h3 $16) 10... Re8 11. h3 {[#]} Nh5 $146 ({Predecessor:} 11... Nfd7 12. Be3 Ne5 13. Nxe5 Bxe5 14. Qf3 f5 15. Rfe1 Nd7 16. Bd2 Rf8 17. Bc2 Qh4 18. b3 Bd4 19. Rad1 Ne5 20. Qe2 f4 21. Be4 f3 22. Bxf3 Rxf3 {0-1 (22) Terhuven,P (1873)-Hirtreiter,P (1994) Willingen 2015}) 12. Bg5 {White is better.} f6 13. Bd2 {Threatens to win with g4.} f5 14. Qc2 Nd7 15. Bg5 Ndf6 16. Rae1 Bd7 17. Rxe8+ Qxe8 18. Re1 Qf8 19. Bc1 Re8 20. Rxe8 Qxe8 21. b3 Qe7 22. Qe2 Kf8 23. Bd2 Ke8 24. Kf1 Kd8 25. Qxe7+ (25. Ng5 {seems wilder.} Bh8 26. a5 Qxe2+ 27. Nxe2 Ke7 28. f3) 25... Kxe7 26. Ke2 Ne8 27. Bc2 Nc7 28. g3 Nf6 29. h4 b5 30. axb5 (30. Bg5 {looks sharper.} h6 31. Bc1 b4 32. Nd1 Nce8 33. Bb2) 30... axb5 31. Bd3 bxc4 32. bxc4 Na6 33. Ne1 Ng4 34. Nd1 Ba4 35. Bc2 Bd7 36. f4 Kd8 37. Nf3 Ba1 38. Nf2 Nf6 39. Nd1 Nh5 40. Kf2 Kc7 41. Ba5+ Kc8 42. Bc3 Bxc3 43. Nxc3 Nb4 44. Bb1 h6 45. Ne1 Nf6 46. Nd3 ({Better is} 46. Ng2 $11) 46... Kb7 (46... Nxd3+ $1 $15 47. Bxd3 Kc7) 47. Nb2 Kb6 48. Nbd1 Ka5 49. Ke3 Ba4 50. Nxa4 $2 (50. Kd2 $1 $11) 50... Kxa4 $11 {[%mdl 4096] Endgame KBN-KNN} 51. Nc3+ Kb3 {[%mdl 64] Double Attack} 52. Nb5 Ne8 $2 (52... Kxc4 $19 53. Nxd6+ Kb3) 53. Bd3 $1 h5 54. Kd2 Na6 55. Na7 Nb8 56. Nc8 Nd7 57. Ne7 (57. Be2 $11) 57... Ndf6 (57... Nb6 $17) 58. Nxg6 Ne4+ 59. Ke3 N8f6 60. Ne7 Ng4+ 61. Kf3 Nd2+ $2 ({Black should play} 61... Kc3 $11 62. Bxe4 fxe4+ 63. Kxe4 Kxc4) 62. Ke2 $16 Nxc4 63. Bxf5 Nf6 $1 64. Be6 Nb2 $2 (64... Nb6 $11 {and Black has nothing to worry.}) 65. Ng8 $2 (65. Nf5 $1 $18) 65... Ne4 $1 $11 {White should prevent ...c4.} 66. f5 $2 (66. Kf3 $11 c4 67. Bf5 (67. Kxe4 $2 c3 $19) 67... Nd2+ 68. Ke2) 66... c4 $17 67. f6 $2 (67. Ne7) 67... c3 $19 68. f7 c2 69. f8=Q c1=Q 70. Qf3+ Nc3+ 71. Kf2 {[#]} Nbd1+ $1 72. Kg2 {[#]} Qd2+ $2 (72... Ne3+ $1 {mates} 73. Kh2 Qd2+ 74. Kh3 Ncd1 75. g4 hxg4+ 76. Bxg4 Nf2+ {[%mdl 64] Double Attack} 77. Kg3 Nfxg4 78. Kf4 Qd4+ 79. Kg5 Qg7+ {[%mdl 64] Double Attack} 80. Kh5 Qh8+ 81. Kg5 Qxg8+ 82. Kf4 Qg7 83. Qe2 Qe5+ {[%mdl 64] Double Attack} 84. Kf3 Nh2+ 85. Qxh2 Qxh2 86. Kxe3 Qxh4 87. Kf3 Qg5 88. Ke4 Kc3 89. Kf3 Kd2 90. Kf2 Qg4 91. Kf1 Ke3 92. Ke1 Qg1#) 73. Kg1 $2 (73. Kh1 Nf2+ 74. Kg1) 73... Ne3 {( -> ...Ne2+)} 74. Bh3 Ne2+ 75. Kh1 Ka2 (75... Qe1+ $142 76. Bf1 Nd4 77. Qf7 Nxf1 78. Qb7+ Kc2 79. Qc7+ Kd1 80. Qf7 Ne3+ 81. Kh2 Qe2+ 82. Qf2 Qxf2+ 83. Kh3 Qg2#) 76. Nf6 Qe1+ {Black mates.} 77. Bf1 Nxf1 78. Qg2 Ka1 79. Nxh5 Ne3+ {Accuracy: White = 57%, Black = 71%.} 0-1

[Event "Int SVK-ch Open 2020"]
[Site "Drienica"]
[Date "2020.08.13"]
[Round "6.22"]
[White "Striskova, Lucia"]
[Black "Priechodsky, Radovan"]
[Result "0-1"]
[WhiteElo "1706"]
[BlackElo "1975"]
[Annotator "ChessBase"]
[PlyCount "74"]
[EventDate "2020.08.07"]
[EventType "swiss"]
[EventCountry "SVK"]
[TimeControl "40/5400+30:1800+30"]

1. c4 {[%emt 0:00:00]} c5 {[%emt 0:00:00]} 2. Nc3 {[%emt 0:00:12]} Nc6 {[%emt 0:00:00]} 3. Nf3 {[%emt 0:00:26]} g6 {[%emt 0:00:50]} 4. e3 {[%emt 0:00:50]} Bg7 {[%emt 0:06:59]} 5. d4 {[%emt 0:00:26]} b6 {[%emt 0:04:22]} 6. d5 {[%emt 0:02:26]} Ne5 {[%emt 0:01:05]} 7. Nxe5 {[%emt 0:04:31]} Bxe5 {[%emt 0:00:09]} 8. f4 {[%emt 0:00:07]} Bg7 {[%emt 0:01:11]} 9. e4 {[%emt 0:00:46]} d6 {[%emt 0:01:06]} 10. Be3 {[%emt 0:02:06]} Nf6 {[%emt 0:04:05]} 11. Be2 {[%emt 0:01:58]} O-O {[%emt 0:03:51]} 12. h3 {[%emt 0:00:45]} e6 {[%emt 0:01:02]} 13. g4 {[%emt 0:04:15]} exd5 {[%emt 0:01:38]} 14. cxd5 {[%emt 0:01:34]} Re8 {[%emt 0:00:28]} 15. Bd3 {[%emt 0:00:46]} Bb7 {[%emt 0:02:51]} 16. Qf3 {[%emt 0:01:00]} Nxe4 {[%emt 0:22:32]} 17. Bxe4 {[%emt 0:11:21]} Bxc3+ {[%emt 0:00:37]} 18. bxc3 {[%emt 0:00:06]} Qe7 {[%emt 0:00:10]} 19. Kf2 {[%emt 0:06:00]} Qxe4 {[%emt 0:00:24]} 20. Qxe4 {[%emt 0:00:12]} Rxe4 {[%emt 0:00:06]} 21. Rad1 {[%emt 0:00:20]} Rae8 {[%emt 0:01:04]} 22. Rhe1 {[%emt 0:00:14]} f5 {[%emt 0:01:35]} 23. g5 {[%emt 0:01:37]} a6 {[%emt 0:00:49]} 24. Rd3 {[%emt 0:04:14]} Kf7 {[%emt 0:01:22]} 25. Kf3 {[%emt 0:03:00]} b5 {[%emt 0:00:19]} 26. Kf2 {[%emt 0:01:41]} a5 {[%emt 0:02:53]} 27. a3 {[%emt 0:04:20]} Ra4 {[%emt 0:03:43]} 28. Bc1 {[%emt 0:00:18]} Rxe1 {[%emt 0:03:54]} 29. Kxe1 {[%emt 0:00:07]} Ba6 {[%emt 0:00:39]} 30. Rf3 {[%emt 0:06:53]} Re4+ {[%emt 0:03:53]} 31. Kf2 {[%emt 0:05:59]} b4 {[%emt 0:05:16]} 32. cxb4 {[%emt 0:04:12]} axb4 {[%emt 0:01:15]} 33. axb4 {[%emt 0:00:14]} cxb4 {[%emt 0:00:08]} 34. Rb3 {[%emt 0:00:41]} Bb5 {[%emt 0:00:55]} 35. Bd2 {[%emt 0:00:37]} Re2+ {[%emt 0:00:11]} 36. Kg3 {[%emt 0:00:26]} Rxd2 {[%emt 0:00:07]} 37. Rxb4 {[%emt 0:00:06]} Rxd5 {[%emt 0:00:08]} 0-1

[Event "Int SVK-ch Open 2020"]
[Site "Drienica"]
[Date "2020.08.12"]
[Round "6.22"]
[White "Horbalova, Ivana"]
[Black "Cisarik, Pavol"]
[Result "1-0"]
[WhiteElo "1306"]
[BlackElo "1635"]
[Annotator "NA"]
[PlyCount "71"]
[EventDate "2020.08.07"]
[EventType "swiss"]
[EventCountry "SVK"]
[SourceTitle "playchess.com"]
[Source "ChessBase"]
[SourceQuality "1"]
[TimeControl "40/5400+30:1800+30"]

1. e4 e5 2. Nf3 Nc6 3. Bb5 a6 4. Ba4 Nf6 5. Qe2 d6 6. h3 b5 7. Bb3 Na5 8. O-O Nxb3 9. axb3 Bb7 10. d3 Be7 11. Bg5 O-O 12. Rd1 Nd7 13. Be3 c5 14. Nbd2 f5 15. exf5 Rxf5 16. Ne4 Qc7 17. c4 b4 18. Bg5 Bxe4 19. Qxe4 Bxg5 20. Qxa8+ Kf7 21. Qd5+ Ke7 22. Rxa6 Nb6 23. Qe4 Rf4 24. Qxh7 Bf6 25. Rda1 Ke6 26. Qg8+ Kf5 27. g4+ Kg6 28. Qh8 Bd8 29. Qh5+ Kf6 30. g5+ Kf5 31. Nh4+ Ke6 32. Qg6+ Bf6 33. Qe8+ Be7 34. Ra7 Qd8 35. Qg6+ Bf6 36. Qf7# 1-0

[Event "Int SVK-ch Open 2020"]
[Site "Drienica"]
[Date "2020.08.13"]
[Round "6.23"]
[White "Bujna, Martin"]
[Black "Verbovsky, Michal"]
[Result "0-1"]
[WhiteElo "1841"]
[BlackElo "2113"]
[Annotator "TA"]
[PlyCount "60"]
[EventDate "2020.08.07"]
[EventType "swiss"]
[EventCountry "SVK"]

{[%evp 9,60,20,21,27,54,58,54,-44,15,19,10,8,4,14,18,0,16,0,114,9,24,20,64,12,22,0,38,-36,-17,-42,-5,-229,-233,-225,-222,-290,-264,-663,-611,-801,-801,-725,-771,-717,-495,-1266,-1240,-1347,-1345,-1307,-1307,-1275,-1268]} 1. d4 d5 2. c4 e6 3. Nf3 Nf6 4. Bg5 Nbd7 5. e3 h6 6. Bh4 {D30: Queen's Gambit Declined: Systems without Nc3.} g5 7. Bg3 Ne4 {[#]} 8. a3 $146 ({Better is} 8. Qc2 $14) ({Predecessor:} 8. Nc3 Nxg3 9. hxg3 c6 10. Qc2 Bg7 11. Rd1 O-O 12. a3 Qe7 13. Be2 b6 14. cxd5 cxd5 {1-0 (46) Stocek,J (2574)-Krejci,J (2582) Prague 2018}) 8... Bg7 ({Black should play} 8... h5 $15 9. Qc2 c6) 9. cxd5 $11 exd5 10. Nc3 Nxg3 11. hxg3 Nf6 12. Ne5 O-O 13. Bd3 Nd7 (13... c5 $11) 14. Nf3 ({White should try} 14. Ng4 $16 Nf6 15. Nxh6+ Bxh6 16. Rxh6) 14... c6 15. Qc2 Qf6 16. Bf5 (16. O-O-O $14) 16... Re8 17. O-O-O Nb6 18. g4 (18. Bh7+ $14 Kh8 19. Ne5) 18... Nc4 $15 19. Ne2 c5 20. Ng3 $2 {[#] Loses the game.} (20. Kb1 $11) 20... Bxf5 $1 $19 21. Nxf5 cxd4 22. Nxg7 ({Much weaker is} 22. exd4 {[#]} Nxa3 $1 {[%mdl 512]} 23. bxa3 Rac8 $19) ({Reject} 22. Rxd4 Rac8 $19) 22... Kxg7 23. Qb3 $2 (23. Nxd4 Rac8 24. Nf5+ {[%mdl 64] Discovered Attack} Kg8 25. Kb1 (25. Nxh6+ $2 Kf8 $19) 25... Nxa3+ {[%mdl 64] Discovered Attack} 26. bxa3 Rxc2 27. Kxc2) 23... dxe3 {Black is clearly winning.} 24. Rxd5 Rac8 {Strongly threatening ...Nd2+.} 25. Kb1 exf2 {Threatens to win with ...Re2.} 26. Rf5 Re1+ {[%mdl 64] Deflection, Promotion} 27. Rxe1 (27. Nxe1 $142 Nd2+ {[%mdl 64] Double Attack} 28. Ka2 Nxb3 29. Rxf6 Nc1+ 30. Kb1 fxe1=R 31. Rxe1 Kxf6 32. Rf1+ Ke5 33. Rxc1 Rxc1+ 34. Kxc1) 27... fxe1=Q+ 28. Nxe1 Nd2+ {[%mdl 64] Double Attack} 29. Ka2 Nxb3 30. Rxf6 Nc1+ {Accuracy: White = 32%, Black = 71%.} 0-1

[Event "Int SVK-ch Open 2020"]
[Site "Drienica"]
[Date "2020.08.12"]
[Round "6.23"]
[White "Gulas, Gabriel"]
[Black "Andras, Anton"]
[Result "1/2-1/2"]
[WhiteElo "1472"]
[BlackElo "1582"]
[Annotator "NA"]
[PlyCount "45"]
[EventDate "2020.08.07"]
[EventType "swiss"]
[EventCountry "SVK"]
[SourceTitle "playchess.com"]
[Source "ChessBase"]
[SourceQuality "1"]
[TimeControl "40/5400+30:1800+30"]

1. e4 e6 2. d4 d5 3. e5 c5 4. c3 Qb6 5. Nf3 Bd7 6. Be2 Bb5 7. O-O Bxe2 8. Qxe2 cxd4 9. cxd4 Ne7 10. Nbd2 Nec6 11. Nb3 Be7 12. Rd1 Qa6 13. Qc2 Nd7 14. Bf4 O-O 15. a3 Qa4 16. Rac1 Rac8 17. Qd3 Na5 18. Nxa5 Qxa5 19. Ng5 Bxg5 20. Bxg5 h6 21. Bxh6 gxh6 22. Qg3+ Kh7 23. Qd3+ 1/2-1/2